Sevilla FC 2025/26 Squad - Statistics

General Stats
  • This quiz has been taken 5 times
  • The average score is 25 of 28
Answer Stats
Hint Answer % Correct
RW 🇧🇪 Adnan Januzaj
100%
FW 🇳🇬 Akor Adams
100%
DM 🇫🇷 Batista Mendy
100%
CB 🇪🇸 César Azpilicueta
100%
LW 🇳🇬 Chidera Ejuke
100%
CM 🇨🇭 Djibril Sow
100%
LB 🇨🇱 Gabriel Suazo
100%
FW 🇪🇸 Isaac Romero
100%
RB 🇪🇸 José Ángel Carmona
100%
RB 🇪🇸 Juanlu Sánchez
100%
CB 🇪🇸 Kike Salas
100%
DM 🇫🇷 Lucien Agoumé
100%
CB 🇧🇷 Marcão
100%
FW 🇫🇷 Neal Maupay
100%
DM 🇷🇸 Nemanja Gudelj
100%
GK 🇬🇷 Odysseas Vlachodimos
100%
GK 🇳🇴 Ørjan Nyland
100%
LB 🇪🇸 Oso
100%
LW 🇨🇭 Rubén Vargas
100%
CB 🇫🇷 Tanguy Nianzou
100%
FW 🇨🇱 Alexis Sánchez
75%
CB 🇪🇸 Andrés Castrín
75%
CB 🇵🇹 Fábio Cardoso
75%
CM 🇪🇸 Joan Jordán
75%
CB 🇦🇷 Federico Gattoni
50%
CM 🇪🇸 Manu Bueno
50%
SS 🇪🇸 Peque Fernández
50%
RW 🇪🇸 Miguel Ángel Sierra
25%
No matching quizzes found
Score Distribution
Percent of People with Each Score
Percentile by Number Answered
Your Score History
You have not taken this quiz